000 01482cam a22003131i 4500
003 SA-RiAUC
005 20260307134541.0
008 260220s1950 ua g 00000dara c
040 _aSA-MaUQU
_bara
_cSA-RiAUC
_erda
050 4 _b.S23 1950
082 0 4 _a210.2
_qSA-RiAUC
090 _aم ن 210.2
_bس ع د
100 1 _aالسعدي، عبد الرحمن بن ناصر بن عبد الله،
_d1307-1376 هجري
_eمؤلف.
245 1 0 _aطريق الوصول إلى العلم المأمول بمعرفة القواعد والضوابط والأصول :
_bمختار من كتب شيخ الإسلام ابن تيمية /
_cجمعها عبد الرحمن بن ناصر السعدي.
264 1 _a[مكان النشر غير محدد] :
_b[الناشر غير محدد]،
_c[1950]
264 3 _aالقاهرة :
_bمطبعة الإمام
300 _a318 صفحة ؛
_c29 سم
336 _aنص
_btxt
_2rdacontent
_3كتاب
337 _aبدون وسيط
_bn
_2rdamedia
338 _aمجلد
_bnc
_2rdacarrier
600 1 7 _aابن تيمية، أحمد بن عبد الحليم بن عبد السلام،
_d661-728 هجري
_xدين
_2aucnm
650 7 _aالإسلام
_vمتفرقات
_2aucsh
650 7 _aعلم الكلام
_2aucsh
650 7 _aأصول الفقه الإسلامي
_2aucsh
650 7 _aالقواعد الفقهية
_2aucsh
942 _2ddc
_cRBOOK COPY
_n0
949 _aSA-JeALM
_d260220
_umohamedma123
_n1
999 _c14528
_d14528